Stephen King : the shining, carrie, misery
| Main Author: | |
|---|---|
| Format: | Book |
| Published: |
London :
Chancellor Press ,
1992
|
| Subjects: |
MARC
| LEADER | 00000cam a2200000 7i4500 | ||
|---|---|---|---|
| 001 | 0000000471 | ||
| 002 | 000000553 | ||
| 005 | 20020415.0 | ||
| 020 | |a 1851522476 | ||
| 090 | 0 | 0 | |a F |b KIN |
| 100 | 1 | |a King, Stephen | |
| 245 | 1 | 0 | |a Stephen King : |b the shining, carrie, misery |
| 260 | |a London : |b Chancellor Press , |c 1992 | ||
| 300 | |a 686p ; |c 23cm. | ||
| 650 | 0 | 0 | |a Horror fiction |
| 999 | |a 029375 |b BUKU |c PINJAMAN |e PERPUSTAKAAN KOMUNITI PETALING JAYA | ||